Vybrané aspekty sociálnych problémov ČĽR plynúcich zo systému čínskeho školstva
Charakter čínskeho školského systému. Hukou ako determinant kvality vzdelania. Interné migračné toky v Číne. Vybrané indikátory piatich provincií s najväčším prílevom interných migrantov a piatich provincií s najväčším migračným odlevom. Sociálna nerovnosť ako hrozba pre vnútornú stabilitu. Západný...
Gespeichert in:
| 1. Verfasser: | |
|---|---|
| Format: | Buchkapitel |
| Sprache: | Slowakisch |
| Schlagworte: | |
| Tags: |
Keine Tags, Fügen Sie das erste Tag hinzu!
|
MARC
| LEADER | 00000nla a2200000 4500 | ||
|---|---|---|---|
| 001 | 0207336 | ||
| 005 | 20240502073439.4 | ||
| 041 | 0 | |a slo | |
| 044 | |a SK | ||
| 245 | 1 | 0 | |a Vybrané aspekty sociálnych problémov ČĽR plynúcich zo systému čínskeho školstva |c Michaela Kuchyňková |
| 520 | |a Charakter čínskeho školského systému. Hukou ako determinant kvality vzdelania. Interné migračné toky v Číne. Vybrané indikátory piatich provincií s najväčším prílevom interných migrantov a piatich provincií s najväčším migračným odlevom. Sociálna nerovnosť ako hrozba pre vnútornú stabilitu. Západný versus čínsky pohľad. | ||
| 610 | 2 | 0 | |a vzdelávanie |
| 610 | 2 | 0 | |a migrácia |
| 610 | 2 | 0 | |a pohyb síl pracovných |
| 610 | 2 | 0 | |a nerovnosť sociálna |
| 610 | 2 | 0 | |a problémy spoločenské |
| 610 | 2 | 0 | |a regióny |
| 610 | 2 | 0 | |a Čína |
| 100 | 1 | |a Kuchyňková, Michaela | |